Manual litúrgico / (Record no. 171544)
[ view plain ]
| 000 -LEADER | |
|---|---|
| campo de control de longitud fija | 00773nam a22002055i 4500 |
| 001 - NÚMERO DE CONTROL | |
| campo de control | 171544 |
| 003 - IDENTIFICADOR DE NÚMERO DE CONTROL | |
| campo de control | ES-MaACL |
| 005 - FECHA Y HORA DE LA ÚLTIMA TRANSACCIÓN | |
| campo de control | 20230906214646.0 |
| 008 - DATOS DE LONGITUD FIJA--INFORMACIÓN GENERAL | |
| campo de control de longitud fija | 090519m19531955sp |||| | spa d |
| 080 ## - NÚMERO DE LA CLASIFICACIÓN DECIMAL UNIVERSAL | |
| Número de la Clasificación Decimal Universal | 264.02(021) |
| 100 1# - ENTRADA PRINCIPAL--NOMBRE DE PERSONA | |
| Nombre de persona | Solans, Joaquín. |
| 9 (RLIN) | 140230 |
| 245 10 - MENCIÓN DEL TÍTULO | |
| Título | Manual litúrgico / |
| Mención de responsabilidad, etc. | por D. Joaquín Solans ; profundamente renovado y enriquecido por... don José Vendrell. |
| 250 ## - MENCION DE EDICION | |
| Mención de edición | 13ª ed. adaptada a las nuevas disposiciones litúrgicas por el Dr. D. Antonino Tenas y D.Pedro Farnés. |
| 260 ## - PUBLICACIÓN, DISTRIBUCIÓN, ETC. | |
| Lugar de publicación, distribución, etc. | Barcelona : |
| Nombre del editor, distribuidor, etc. | Eugenio Subirana, |
| Fecha de publicación, distribución, etc. | 1953-55. |
| 300 ## - DESCRIPCIÓN FÍSICA | |
| Extensión | 2 v. ; |
| Dimensiones | 22 cm. |
| 700 1# - ENTRADA AGREGADA--NOMBRE PERSONAL | |
| Nombre de persona | Vendrell, José. |
| 9 (RLIN) | 140231 |
| 700 1# - ENTRADA AGREGADA--NOMBRE PERSONAL | |
| Nombre de persona | Tenas i Alibés, Antonino. |
| 9 (RLIN) | 140232 |
| 700 1# - ENTRADA AGREGADA--NOMBRE PERSONAL | |
| Nombre de persona | Farnés Scherer, Pedro. |
| 9 (RLIN) | 140233 |
| 852 ## - LOCALIZACIÓN | |
| Ubicación | ES-MaACL |
| Número de control de estantería | C-9101-2 |
| itemnumber | R.34286 |
| Estatus retirado | Estado de pérdida | Estado de daño | No para préstamo | Biblioteca de origen | Biblioteca actual | Ubicación en estantería | Fecha de adquisición | Fuente de adquisición | Total de préstamos | Signatura topográfica completa | Código de barras | Visto por última vez | Precio de reemplazo | Tipo de ítem Koha |
|---|---|---|---|---|---|---|---|---|---|---|---|---|---|---|
| Biblioteca del Ateneo de Madrid | Biblioteca del Ateneo de Madrid | Sala Palomar | 19/05/2009 | C-9101-2 | 1180023 | 23/02/2023 | 23/02/2023 | Libro impreso |
